000 00676nam a2200217Ia 4500
005 20241129105939.0
008 241129s9999||||xx |||||||||||||| ||und||
020 _a978-93-5518-389-7
037 _aTB
040 _aARTS
_bhin
_cARTS
041 _ahin
_2hin
084 _aO152,1x R2
_qARTS
100 _aअनामिका, ले.
245 0 _aकहती हैं औरतें
_cअनामिका, ले.
260 _aनई दिल्ली, भारत
_bवाणी प्रकाशन
_c2022
300 _a288पृ0
365 _aINR
_b499
650 _aHindi Poetry
_97134
942 _cTB
_hO152,1x R2
999 _c1226712
_d1226712